000 00515cam a22001815i 4500
999 _c57173
_d57173
001 21254477
005 20221107131555.0
008 190816s2019 fr 000 1 fre
020 _a9782226443885x
041 _afre
080 _a821.133.1-31 N-86
100 1 _aNothomb, Amélie,
_e
_95837
245 1 0 _aSoif :
_broman /
_cAmélie Nothomb.
264 1 _aParis :
_bAlbin Michel,
_c[2019]
300 _a151 pages ;
_c20 cm.
653 _aფრანგული ლიტერატურა
942 _2udc
_cBK